Proyecto: aplicación y evaluación de criterios e indicadores para la ordenación sostenible de los Bosques naturales (Registro nro. 3551)

Detalles MARC
000 -CABECERA
Campo de control 01079nam a2200277 a 4500
005 - FECHA Y HORA DE LA ULTIMA TRANSACCION
Campo de control 20171004173111.0
008 - ELEMENTOS DE LONGITUD FIJA—INFORMACION GENERAL
Campo de control 140311b1999 ck ||||| |||| 00| 0 spa d
040 ## - FUENTE DE CATALOGACIÓN
Agencia catalogadora original CO-BoIAVH
Agencia transcriptora CO-BoIAVH
041 ## - IDIOMA
Código de idioma para texto/pista de sonido o título separado Español
044 ## - PAÍS DE PUBLICACIÓN
País de publicación Colombia
090 ## - CLASIFICACIÓN LOCAL
Colección LB
Consecutivo 03242
100 ## - ASIENTO PRINCIPAL--NOMBRE PERSONAL
Nombre personal Giraldo I., Martha Helena
9 (RLIN) 20127
110 ## - ASIENTO PRINCIPAL--NOMBRE CORPORATIVO
Nombre corporativo o de jurisdicción como elemento de entrada Colombia
Unidad subordinad Ministerio del Medio Ambiente
-- Dirección Técnica de Ecosistemas, grupo de Bosques
9 (RLIN) 85760
111 ## - ASIENTO PRINCIPAL--NOMBRE DE REUNION
Nombre de reunión o de jurisdicción como elemento de entrada Boletín bibliográfico
Fecha de la reunión julio-agosto,1999
Número de la parte/sección/reunión 2
9 (RLIN) 85761
245 10 - MENCION DE TITULO
Título Proyecto: aplicación y evaluación de criterios e indicadores para la ordenación sostenible de los Bosques naturales
260 ## - PUBLICACION, DISTRIBUCION, ETC. (PIE DE IMPRENTA)
Lugar de publicación, distribución, etc. Bogotá
Nombre del editor, distribuidor, etc. Minambiente
-- ACOFORE
-- OIMT
Fecha de publicación, distribución, etc. 1999
300 ## - DESCRIPCION FISICA
Extensión 70 páginas
505 ## - NOTA DE CONTENIDO
Nota de contenido Vol. 1: Boletín 1 Abril-Junio 1999
505 ## - NOTA DE CONTENIDO
Nota de contenido Vol. 2: Boletín 2 Julio-Agosto 1999
650 16 - ASIENTO SECUNDARIO DE MATERIA - TERMINO TEMATICO
Término temático o nombre geográfico como elemento de entrada Medio ambiente
Subdivisión de forma Boletines
9 (RLIN) 85762
650 16 - ASIENTO SECUNDARIO DE MATERIA - TERMINO TEMATICO
Término temático o nombre geográfico como elemento de entrada Medio ambiente
Subdivisión de forma Bibliográfias
9 (RLIN) 85763
710 ## - ASIENTO SECUNDARIO - NOMBRE CORPORATIVO
Nombre corporativo o de jurisdicción como elemento de entrada ^Asociación Colombiana de Reforestadores e Industriales de la Madera
9 (RLIN) 85764
710 ## - ASIENTO SECUNDARIO - NOMBRE CORPORATIVO
Nombre corporativo o de jurisdicción como elemento de entrada OIMT
9 (RLIN) 85765
942 ## - ELEMENTOS ADICIONALES (KOHA)
Sistema de clasificación Local
Tipo de ítem Informe Técnico
945 ## - PROCESAMIENTO LOCAL
AAAA-MM-DD - Fecha de ingreso o modificacion 2004-01-23
Existencias
Withdrawn status Lost status Sistema de Clasificación Damaged status No para préstamo Colección Ubicación Permanente Ubicación actual Fecha de adquisición Total Checkouts Número topográfico Inventario / Código de Barras Date last seen Ejemplar Price effective from Forma de adquisición Tipo de material
    Local     General Bogotá Bogotá 23/01/2004   LB-03242 015134 04/12/2012 V. 1 Ej. 1 04/12/2012 Donación Informe Técnico
    Local     General Bogotá Bogotá 23/01/2004   LB-03242 015128 04/12/2012 V. 2 Ej. 1 04/12/2012 Donación Informe Técnico